000 00676nam a2200265Ia 4500
005 20260121161406.0
008 008 260114s9999 xx 000 0 eng d
020 _a9781410604170
037 _aEBOOK
040 _aCRL
040 _beng
040 _cCRL
041 _2eng
041 _aeng
084 _qCRL
100 _aSexual Teens, Sexual Media
_91044045
245 0 _aJane D. Brown; Jeanne R. Steele; Kim Walsh-Childers
260 _bTaylor and Francis
260 _c2002
650 _aPsychological Science
_91044046
856 _uhttp://www.taylorfrancis.com/books/9781410604170
942 _cEBOOK
999 _c1610429
_d1610429